Billar a las nueve y media
Gorde:
| Egile nagusia: | |
|---|---|
| Formatua: | Liburua |
| Hizkuntza: | Undetermined |
| Argitaratua: |
Madrid, España
Seix Barral
1984
|
| Gaiak: | |
| Etiketak: |
Etiketa erantsi
Etiketarik gabe, Izan zaitez lehena erregistro honi etiketa jartzen!
|
MARC
| LEADER | 00000nam a2200000Ia 4500 | ||
|---|---|---|---|
| 008 | 170316s9999 xx 000 0 und d | ||
| 040 | |a cru BVZT | ||
| 090 | |a 830 B-10b | ||
| 100 | |a Böll, Heinrich | ||
| 245 | |a Billar a las nueve y media | ||
| 260 | |a Madrid, España | ||
| 260 | |b Seix Barral | ||
| 260 | |c 1984 | ||
| 300 | |a 329 páginas | ||
| 650 | |a LITERATURA ALEMANA | ||
| 650 | |a NOVELA | ||
| 999 | |c 7285 |d 7285 | ||
| 942 | |c 15 D |h 830 B-10b |2 z | ||
